00972nam a22002537a 45000010005000000030006000050050017000110080041000280200018000690400029000870500014001160820008001301000030001382450076001682500041002442600035002853000023003205050007003435200273003505210018006235210018006416500025006596500034006846024FISKH20250221155330.0250221b cb ||||| |||| 00| 0 eng d a9780590440363 aFISKHbengcFISKHdFISKH aPZ7.W8606 a813 aWoodruff, Elvirad(1951-) aGeorge Washington's socks :bA time travel adventure /cElvira Woodruff aThis edition first published in 2010 aNew York :bScholastic,c1991. a166 pages :c20 cm aR  aIn the midst of a backyard campout, ten-year-old Matt and four other children find themselves transported back into the time of George Washington and the American Revolution, where they begin to live out American history firsthand and learn the sober realities of war.8 a770 bLexile 8 aN bRaz-Plus  2Time travelaHistory 2Battle of TrentonaPresidents